Oltretutto questo vuoto

Sparad:
Bibliografiska uppgifter
Huvudupphov: Libertino, Riccardo
Materialtyp: Bok
Språk:engelska
Utgiven: Novi Ligure (AL) Joker 2007
Taggar: Lägg till en tagg
Inga taggar, Lägg till första taggen!

MARC

LEADER 00000nam a2200000 4500
001 CDOM0000003777
003 mi
005 20250731093748.0
008 250731b |||||||| |||| 00| 0 eng d
020 |a 8875361614 
020 |a 9788875361617 
040 |c mi 
100 |a Libertino, Riccardo 
245 1 |a Oltretutto questo vuoto  
260 |a Novi Ligure (AL)  |b Joker  |c 2007 
942 |2 ddc  |c BK 
952 |0 0  |1 0  |2 ddc  |4 0  |7 0  |9 6991  |a MI  |b MI  |d 2009-08-28  |i 5499  |l 0  |p CDOM5499  |r 2025-07-13 16:28:00  |w 2025-07-13  |x DONO  |y BK 
999 |c 5708  |d 5708